000 00459nam a2200181Ia 4500
001 16155
005 20260306170249.0
008 260306t2017||||xx |||||||||||||| ||und||
041 _aESP
082 _a347
_bH94 T. 16
100 _aHundskopf E., Oswaldo
_eAUT
245 0 _aDerecho comercial, temas societarios:
_btemas societarios
260 _c2017
300 _a314 páginas :
_c25 cm.
650 _aGEN
654 _aCAN
942 _cLIB
_dJUS
_fJUS
_2ddc
_n
999 _c16155
_d16155